| 000 | 00685nam a2200241Ia 4500 | ||
|---|---|---|---|
| 001 | dia_3011 | ||
| 003 | CHAP | ||
| 005 | 20251023162918.0 | ||
| 008 | 220117s1988 xx 000 0 und d | ||
| 010 | _a173516 | ||
| 040 | _cCHAP | ||
| 082 | _a660 L8 | ||
| 100 |
_aLuyben, William L _969224 |
||
| 245 |
_aChemical Process Analysis: Mass and Energy Balances / _c by William L. Luyben and Leonard A. W. |
||
| 260 |
_aNew york : _b Prentice-Hall, _c1988 |
||
| 300 | _a537P. | ||
| 500 | _aI.151187 | ||
| 650 |
_a1.IngenierĂa quĂmica _9146998 |
||
| 901 | _a660 L8 | ||
| 902 | _aM | ||
| 905 | _a0000001988 NEW 0000000000ING00 | ||
| 942 |
_cLIBRO _2ddc |
||
| 999 |
_c173516 _d173516 |
||